[Event "CYCC U18"]
[Site "Calgary CAN"]
[Date "2023.07.22"]
[Round "7.9"]
[White "Qiu, Peter Yong"]
[Black "Harms, Reece"]
[Result "0-1"]
[WhiteElo "1887"]
[BlackElo "1826"]
[PlyCount "100"]
[EventDate "2023.07.19"]
[EventType "swiss"]
[EventRounds "5"]
[EventCountry "CAN"]

1. e4 e5 2. Nc3 Nc6 3. g3 Nf6 4. Bg2 Bc5 5. Nge2 d6 6. O-O Be6 7. d3 Qd7 8. Na4
Bb6 9. Nxb6 axb6 10. a3 Bh3 11. f4 h5 12. f5 Bxg2 13. Kxg2 h4 14. Bg5 hxg3 15.
Nxg3 O-O-O 16. c4 Nd4 17. Ne2 Nxe2 18. Qxe2 Rh7 19. Rh1 Rdh8 20. Raf1 Ng8 21.
Rf3 Ne7 22. Bxe7 Qxe7 23. Rg3 Qf6 24. h3 c6 25. Qe3 Kc7 26. Rc1 Rh4 27. b4 Ra8
28. Rc3 c5 29. bxc5 bxc5 30. Qg5 Qxg5 31. Rxg5 Rh7 32. Rg3 Kc6 33. Rb3 b6 34.
Rf3 Kc7 35. Rf1 Rah8 36. Rh1 Rh6 37. a4 g6 38. a5 bxa5 39. Rhb1 Rxh3 40. Rb7+
Kd8 41. Rxf7 Kc8 42. fxg6 R8h4 43. g7 Rh2+ 44. Kg3 R4h3+ 45. Kg4 Rh4+ 46. Kf5
Rg2 47. Rf8+ Kd7 48. Rb7+ Kc6 49. Rff7 Rf4+ 50. Ke6 Rg6+ 0-1

[Event "CYCC U18"]
[Site "Calgary CAN"]
[Date "2023.07.22"]
[Round "7.10"]
[White "Tremblay, Xavier"]
[Black "Guo, Roger"]
[Result "0-1"]
[WhiteElo "1495"]
[BlackElo "1413"]
[PlyCount "54"]
[EventDate "2023.07.19"]
[EventType "swiss"]
[EventRounds "5"]
[EventCountry "CAN"]

1. d4 Nf6 2. c4 e6 3. Nc3 d5 4. cxd5 exd5 5. Bg5 Nbd7 6. e3 Be7 7. Bd3 O-O 8.
Nge2 c5 9. O-O b6 10. e4 dxe4 11. Nxe4 Nxe4 12. Bxe4 Bxg5 13. Bxa8 Ba6 14. Bf3
cxd4 15. Qxd4 Bf6 16. Qb4 Nc5 17. Rfd1 Qb8 18. Nc3 Re8 19. Ne4 Nxe4 20. Bxe4
Bxb2 21. Bxh7+ Kxh7 22. Qxb2 Qf4 23. Rd4 Qg5 24. Qa3 Qf6 25. Qh3+ Kg8 26. Rad1
Qxd4 27. Rc1 Qd2 0-1

[Event "CYCC U18"]
[Site "Calgary CAN"]
[Date "2023.07.22"]
[Round "7.11"]
[White "Yim, Justin"]
[Black "Yang, Henry"]
[Result "0-1"]
[WhiteElo "967"]
[BlackElo "1818"]
[PlyCount "76"]
[EventDate "2023.07.19"]
[EventType "swiss"]
[EventRounds "5"]
[EventCountry "CAN"]

1. c4 e6 2. g3 d5 3. cxd5 exd5 4. d4 Nf6 5. Bg2 c6 6. Nf3 Bf5 7. O-O Be7 8. Nc3
O-O 9. Re1 h6 10. Qb3 Qb6 11. Qxb6 axb6 12. Bd2 Nbd7 13. Nh4 Bh7 14. e4 dxe4
15. Nxe4 Nxe4 16. Bxe4 Bxh4 17. Bxh7+ Kxh7 18. gxh4 Rfe8 19. Re3 Nf6 20. Rae1
Rxe3 21. Rxe3 Rxa2 22. Re7 Rxb2 23. Be3 Kg6 24. Rxb7 h5 25. Kg2 b5 26. Kg3 Nd5
27. Rb8 b4 28. Rd8 Rc2 29. Rb8 Kf5 30. Kf3 f6 31. Rb7 g6 32. h3 Ra2 33. Rb8 Ra5
34. Bc1 Rb5 35. Rxb5 cxb5 36. Bb2 Nc3 37. Bc1 b3 38. Ba3 Na4 0-1

[Event "CYCC U18"]
[Site "Calgary CAN"]
[Date "2023.07.22"]
[Round "7.12"]
[White "Diep, Jarret"]
[Black "Fu, Matt"]
[Result "1-0"]
[WhiteElo "1395"]
[BlackElo "1186"]
[PlyCount "65"]
[EventDate "2023.07.19"]
[EventType "swiss"]
[EventRounds "5"]
[EventCountry "CAN"]

1. c4 e5 2. g3 Nc6 3. Bg2 Bc5 4. Nc3 Nf6 5. Nf3 O-O 6. O-O Re8 7. d3 e4 8. dxe4
Nxe4 9. Nxe4 Rxe4 10. Qd5 Qe7 11. Bg5 Nb4 12. Bxe7 Nxd5 13. Bxc5 Rxc4 14. Ba3
Re4 15. e3 d6 16. Rfd1 Nf6 17. Rac1 Re7 18. h3 Be6 19. b3 a5 20. Nd4 Bd5 21.
Bb2 Bxg2 22. Kxg2 a4 23. Nf5 Rd7 24. Bxf6 gxf6 25. Rc3 Ra5 26. g4 axb3 27. axb3
d5 28. Rdc1 c6 29. b4 Rb5 30. Ra3 Rd8 31. Ra4 b6 32. Rxc6 h6 33. Rxf6 1-0

[Event "CYCC U18 w"]
[Site "Calgary CAN"]
[Date "2023.07.19"]
[Round "1.40"]
[White "Gilani, Mysha"]
[Black "Gavrileva, Anna"]
[Result "1/2-1/2"]
[WhiteElo "1711"]
[BlackElo "1348"]
[PlyCount "158"]
[EventDate "2023.07.19"]
[EventType "tourn"]
[EventRounds "5"]
[EventCountry "CAN"]

1. d4 d5 2. c4 e6 3. Nc3 Nf6 4. cxd5 exd5 5. Bg5 Be7 6. e3 O-O 7. Bd3 Nbd7 8.
Nge2 Re8 9. O-O c6 10. f3 h6 11. Bh4 a6 12. Bf2 c5 13. Re1 b6 14. Rc1 Bb7 15.
Bb1 Bd6 16. Qc2 Rc8 17. Rcd1 Nf8 18. a3 Qc7 19. h3 Ng6 20. Ba2 Rcd8 21. dxc5
bxc5 22. Rd2 Ne7 23. Red1 Rd7 24. Bh4 Be5 25. Bxf6 Bxf6 26. Bxd5 Nxd5 27. Nxd5
Bxd5 28. Rxd5 Rxd5 29. Rxd5 c4 30. Qd2 Qb6 31. Nd4 Qb7 32. Rc5 Qe7 33. Rxc4
Qxe3+ 34. Qxe3 Rxe3 35. Nc2 Rb3 36. Rb4 Rxb2 37. Rxb2 Bxb2 38. a4 Kf8 39. Kf2
Ke7 40. Nb4 a5 41. Nc6+ Kd6 42. Nxa5 Kc5 43. Ke3 Kb4 44. Nb7 Kxa4 45. Nd6 f6
46. Ke4 g6 47. Kd5 Kb3 48. Ke6 Kc2 49. Kf7 g5 50. Kg6 Kd3 51. Kxh6 Ke2 52. Ne4
Kf1 53. g4 Kg2 54. Kg6 Kxf3 55. Nxf6 Kg3 56. Kxg5 Kxh3 57. Ne4 Bc1+ 58. Kf5 Kh4
59. Nc3 Bd2 60. Nd5 Bg5 61. Nf4 Bd8 62. Nh5 Bg5 63. Nf4 Bd8 64. Ne6 Be7 65. Kf4
Bd6+ 66. Kf3 Be7 67. Nf4 Bd8 68. Ng6+ Kg5 69. Nf8 Be7 70. Ne6+ Kh4 71. Ng7 Bd8
72. Nf5+ Kg5 73. Ne3 Be7 74. Ke4 Bc5 75. Kf3 Be7 76. Nf5 Bd8 77. Nd4 Be7 78.
Nf5 Bd8 79. Nd4 Be7 1/2-1/2

[Event "CYCC U18 w"]
[Site "Calgary CAN"]
[Date "2023.07.19"]
[Round "1.41"]
[White "Wu, Ingrid"]
[Black "Zheng, Yawen"]
[Result "0-1"]
[WhiteElo "1472"]
[BlackElo "1614"]
[PlyCount "160"]
[EventDate "2023.07.19"]
[EventType "tourn"]
[EventRounds "5"]
[EventCountry "CAN"]

1. e4 e6 2. Nf3 d5 3. exd5 exd5 4. d4 Nf6 5. Bf4 Be7 6. Bd3 Nc6 7. c3 O-O 8.
O-O Re8 9. Nbd2 Be6 10. Qc2 h6 11. Rfe1 Rc8 12. b3 Nb8 13. Rad1 c5 14. dxc5
Bxc5 15. Qb2 Ng4 16. Bg3 Qb6 17. Rf1 Nd7 18. h3 Ngf6 19. Rde1 Nh5 20. Bh2 Bd6
21. Kh1 Qc7 22. Bxd6 Qxd6 23. Rg1 Nf4 24. Bf1 Bf5 25. c4 Bd3 26. Rxe8+ Rxe8 27.
Qd4 Bxf1 28. Rxf1 b6 29. Nh4 Qe5 30. Nhf3 Qf5 31. Kh2 dxc4 32. Nxc4 Re4 33. Qd1
Re7 34. Rg1 Nf6 35. Ne3 Qe6 36. Re1 Qc6 37. Qd8+ Re8 38. Qd2 Ne4 39. Qc1 Qd6
40. Kg1 Nd3 41. Nc4 Qc5 42. Qe3 Nxe1 43. Qxe1 Re6 44. Ne3 Ng5 45. Nh2 Qa3 46.
Qd2 Qa6 47. Qd8+ Kh7 48. Qd2 Qc8 49. Qd3+ Kg8 50. Qd2 Ne4 51. Qb2 Qc5 52. Nf3
Qh5 53. Kf1 Ng5 54. Nf5 f6 55. Ng3 Qe8 56. Qd2 Nxf3 57. gxf3 Qc6 58. Kg2 Qb5
59. Qd8+ Re8 60. Qd2 h5 61. h4 Re5 62. Qd8+ Kh7 63. Qd2 Qd5 64. Qc2+ Kg8 65.
Qc8+ Kf7 66. Qc7+ Re7 67. Qc2 g6 68. Kh3 Qxf3 69. Qc4+ Kg7 70. Qc2 Qg4+ 71. Kg2
Qxh4 72. Qd3 Qg4 73. Kf1 h4 74. Nh1 h3 75. Ng3 h2 76. Kg2 f5 77. Qc3+ Kh7 78.
Kxh2 f4 79. Nh1 f3 80. Qf6 Qg2# 0-1

[Event "CYCC U18 w"]
[Site "Calgary CAN"]
[Date "2023.07.19"]
[Round "1.42"]
[White "Tsukerman, Julia"]
[Black "Guo, Hazel"]
[Result "1-0"]
[WhiteElo "1988"]
[BlackElo "1804"]
[PlyCount "61"]
[EventDate "2023.07.19"]
[EventType "tourn"]
[EventRounds "5"]
[EventCountry "CAN"]

1. e4 e6 2. d4 d5 3. Nd2 dxe4 4. Nxe4 Bd7 5. Nf3 Bc6 6. Bd3 Nd7 7. O-O Ngf6 8.
Ned2 Bd5 9. c4 Bxf3 10. Nxf3 Be7 11. Qc2 O-O 12. Rd1 c5 13. dxc5 Bxc5 14. Bg5
Qb6 15. Bxh7+ Nxh7 16. Rxd7 Nxg5 17. Nxg5 g6 18. Nxf7 e5 19. Rd6 Bxf2+ 20. Kh1
Rxf7 21. Rxb6 Bxb6 22. Qxg6+ Rg7 23. Qe6+ Rf7 24. Qxe5 Raf8 25. Qg5+ Kh8 26.
Qh6+ Kg8 27. Qg6+ Kh8 28. g3 Rh7 29. Re1 Rg8 30. Qf6+ Rhg7 31. Re4 1-0

[Event "CYCC U18 w"]
[Site "Calgary CAN"]
[Date "2023.07.19"]
[Round "2.40"]
[White "Gavrileva, Anna"]
[Black "Guo, Hazel"]
[Result "0-1"]
[WhiteElo "1348"]
[BlackElo "1804"]
[PlyCount "125"]
[EventDate "2023.07.19"]
[EventType "tourn"]
[EventRounds "5"]
[EventCountry "CAN"]

1. d4 e6 2. Bf4 f5 3. e3 Nf6 4. Nd2 b6 5. Be2 Bb7 6. Ngf3 Be7 7. c3 h6 8. h3 d6
9. Qb3 Qc8 10. Bd3 Ne4 11. Qc2 Nxd2 12. Qxd2 Nd7 13. Qe2 Nf6 14. Bh2 g5 15. Rg1
Qd7 16. Nd2 O-O-O 17. O-O-O Kb8 18. e4 fxe4 19. Nxe4 Rhf8 20. Rgf1 Qc6 21. f3
Qd7 22. Nxf6 Bxf6 23. Be4 Rde8 24. Bxb7 Kxb7 25. Rfe1 Qa4 26. Kb1 Kb8 27. Rd3
Rf7 28. Re3 Rfe7 29. Qd2 Qa5 30. g4 e5 31. dxe5 Bxe5 32. Bxe5 Rxe5 33. Re4 Rxe4
34. Rxe4 Rf8 35. Qe2 Qd5 36. Kc2 Qf7 37. f4 gxf4 38. b3 Qg6 39. Kd2 f3 40. Qe3
h5 41. Rf4 Qh6 42. Rxf3 Qxe3+ 43. Kxe3 Re8+ 44. Kf2 hxg4 45. hxg4 Rg8 46. Rg3
Kc8 47. Ke3 Kd7 48. c4 Ke6 49. Ke4 c6 50. g5 Rg6 51. Kf4 a5 52. Re3+ Kf7 53.
Kf5 Rg8 54. Rg3 Rg6 55. Re3 Rg8 56. Re6 Rxg5+ 57. Kxg5 Kxe6 58. Kf4 d5 59. Ke3
dxc4 60. bxc4 Ke5 61. Kd3 a4 62. Kc3 Ke4 63. Kb4 0-1

[Event "CYCC U18 w"]
[Site "Calgary CAN"]
[Date "2023.07.19"]
[Round "2.41"]
[White "Zheng, Yawen"]
[Black "Tsukerman, Julia"]
[Result "0-1"]
[WhiteElo "1614"]
[BlackElo "1988"]
[PlyCount "118"]
[EventDate "2023.07.19"]
[EventType "tourn"]
[EventRounds "5"]
[EventCountry "CAN"]

1. c4 e6 2. g3 Nf6 3. Bg2 d5 4. cxd5 exd5 5. Nf3 Bd6 6. O-O O-O 7. d3 Re8 8.
Nc3 c6 9. a3 a5 10. Rb1 Qe7 11. Bg5 h6 12. Bd2 Bg4 13. h3 Bh5 14. Re1 Nbd7 15.
Nd4 Qf8 16. Nf5 Bc7 17. b4 Ne5 18. Qc2 axb4 19. axb4 Bg6 20. Nh4 Bh7 21. Nxd5
Nxd5 22. Bxd5 Qd6 23. Be4 Bxe4 24. dxe4 Qe6 25. Kg2 Nc4 26. Rbc1 Nxd2 27. Qxd2
Qxe4+ 28. Kg1 Rad8 29. Qb2 Be5 30. Qb3 Bf6 31. Nf3 Rd5 32. Rc4 Qe6 33. Kg2 Rh5
34. g4 b5 35. gxh5 bxc4 36. Qc2 Rb8 37. Rb1 Rb5 38. e4 Rxh5 39. Rh1 Rb5 40. Rb1
g6 41. Qd2 Rh5 42. Rh1 Qxe4 43. Re1 Qf5 44. Rh1 Qd5 45. Qe3 c3 46. Qe8+ Kg7 47.
Ra1 Rg5+ 48. Kf1 Qxf3 49. Rc1 Qh1+ 50. Ke2 Qxc1 51. Qxc6 Re5+ 52. Kd3 Qd2+ 53.
Kc4 c2 54. Qh1 c1=Q+ 55. Qxc1 Qxc1+ 56. Kb3 Re4 57. Ka4 Qb2 58. Ka5 Rxb4 59. f3
Qa3# 0-1

[Event "CYCC U18 w"]
[Site "Calgary CAN"]
[Date "2023.07.19"]
[Round "2.42"]
[White "Gilani, Mysha"]
[Black "Wu, Ingrid"]
[Result "1-0"]
[WhiteElo "1711"]
[BlackElo "1472"]
[PlyCount "89"]
[EventDate "2023.07.19"]
[EventType "tourn"]
[EventRounds "5"]
[EventCountry "CAN"]

1. d4 d5 2. c4 dxc4 3. e4 Nf6 4. Nc3 e6 5. Bxc4 a6 6. a3 b5 7. Ba2 Bb7 8. f3 c5
9. Nge2 Be7 10. Be3 c4 11. Rc1 Nbd7 12. Qc2 Rc8 13. O-O h6 14. Bb1 Qb6 15. Bf2
Qc6 16. Qd2 Nb6 17. Qe3 Nbd7 18. Rcd1 Kf8 19. e5 Nd5 20. Nxd5 exd5 21. f4 Ke8
22. f5 Kd8 23. Qg3 Bf8 24. Nf4 Kc7 25. e6 Nf6 26. Nxd5+ Kd8 27. Nxf6 gxf6 28.
d5 Qd6 29. Qe3 Rg8 30. Be4 Ke8 31. Bf3 Rg5 32. g4 h5 33. Bh4 Rg8 34. exf7+ Kxf7
35. Qe6+ Qxe6 36. dxe6+ Ke8 37. Bxb7 Rxg4+ 38. Bg3 Rc5 39. Kh1 a5 40. Bd6 Bxd6
41. Rxd6 b4 42. Bc6+ Kf8 43. Rd8+ Ke7 44. Rfd1 Rxf5 45. Re8# 1-0

[Event "CYCC U18 w"]
[Site "Calgary CAN"]
[Date "2023.07.20"]
[Round "3.40"]
[White "Wu, Ingrid"]
[Black "Gavrileva, Anna"]
[Result "1/2-1/2"]
[WhiteElo "1472"]
[BlackElo "1348"]
[PlyCount "92"]
[EventDate "2023.07.19"]
[EventType "tourn"]
[EventRounds "5"]
[EventCountry "CAN"]

1. e4 e6 2. Nf3 d5 3. exd5 exd5 4. d4 Bd6 5. Be3 Nf6 6. Bd3 Bg4 7. Nbd2 O-O 8.
c3 Nbd7 9. Qc2 Rc8 10. O-O h6 11. Rfe1 Re8 12. Rac1 c6 13. b3 Ba3 14. Rb1 Bd6
15. h3 Be6 16. Nf1 Qc7 17. Nh4 c5 18. Rec1 a6 19. Nf5 c4 20. bxc4 dxc4 21. Be2
b5 22. Nxd6 Qxd6 23. a4 Rb8 24. axb5 axb5 25. Ng3 Bd5 26. Qd2 Ne4 27. Nxe4 Bxe4
28. Rb4 Qd5 29. f3 Bf5 30. Kf2 Re6 31. Bf1 Rbe8 32. Re1 Bg6 33. Qc1 f5 34. Bd2
Bf7 35. Qb2 Rb6 36. Rb1 Reb8 37. g3 Nf6 38. Bg2 g5 39. Qc2 Qd7 40. Qc1 Bg6 41.
Ra1 Re6 42. Bf1 Reb6 43. Qd1 Qb7 44. Bg2 Qd7 45. Bf1 Nd5 46. Rb2 Qd6 1/2-1/2

[Event "CYCC U18 w"]
[Site "Calgary CAN"]
[Date "2023.07.20"]
[Round "3.41"]
[White "Tsukerman, Julia"]
[Black "Gilani, Mysha"]
[Result "1-0"]
[WhiteElo "1988"]
[BlackElo "1711"]
[PlyCount "44"]
[EventDate "2023.07.19"]
[EventType "tourn"]
[EventRounds "5"]
[EventCountry "CAN"]

1. e4 e5 2. Nf3 Nc6 3. Bc4 Bc5 4. d3 Nf6 5. Nc3 d6 6. Na4 Bb6 7. O-O Bg4 8. h3
Bh5 9. c3 h6 10. Re1 O-O 11. g4 Bg6 12. Nxb6 axb6 13. Nh4 Bh7 14. g5 hxg5 15.
Bxg5 Kh8 16. Re3 Qd7 17. Bxf6 gxf6 18. Qh5 Na5 19. Qh6 Rg8+ 20. Rg3 Rxg3+ 21.
fxg3 b5 22. Nf5 Qxf5 1-0

[Event "CYCC U18 w"]
[Site "Calgary CAN"]
[Date "2023.07.20"]
[Round "3.42"]
[White "Guo, Hazel"]
[Black "Zheng, Yawen"]
[Result "1-0"]
[WhiteElo "1804"]
[BlackElo "1614"]
[PlyCount "111"]
[EventDate "2023.07.19"]
[EventType "tourn"]
[EventRounds "5"]
[EventCountry "CAN"]

1. e4 e6 2. d4 d5 3. Nc3 Bb4 4. Nge2 c5 5. a3 Bxc3+ 6. Nxc3 cxd4 7. Qxd4 Nf6 8.
Bg5 Nc6 9. Bb5 Bd7 10. Bxc6 Bxc6 11. exd5 Bxd5 12. Nxd5 Qxd5 13. Bxf6 gxf6 14.
Qxd5 exd5 15. O-O-O O-O-O 16. Rd4 Rhg8 17. g3 Rge8 18. Rhd1 Re2 19. Rf4 Rd6 20.
Rd2 Re1+ 21. Rd1 Re2 22. Rd3 Re5 23. Rdf3 d4 24. Rxf6 Rdd5 25. Rxf7 a5 26. Rxh7
Kb8 27. Rb3 Rc5 28. Rbxb7+ Kc8 29. Rbe7 Rxe7 30. Rxe7 d3 31. c3 Rf5 32. f4 Rh5
33. h4 Rd5 34. Kd2 Rd6 35. Re3 Rb6 36. b4 axb4 37. cxb4 Ra6 38. Rxd3 Rh6 39.
Rd5 Rg6 40. Rg5 Ra6 41. h5 Rxa3 42. h6 Ra2+ 43. Ke3 Rh2 44. Rg6 Kd7 45. b5 Rh5
46. b6 Kc8 47. Kf3 Kb7 48. Kg4 Rh1 49. Kg5 Rh3 50. g4 Rh2 51. f5 Rh3 52. f6
Kxb6 53. f7+ Kb7 54. f8=Q Kc7 55. Qf7+ Kc8 56. Rg8# 1-0

[Event "CYCC U18 w"]
[Site "Calgary CAN"]
[Date "2023.07.20"]
[Round "4.40"]
[White "Gavrileva, Anna"]
[Black "Zheng, Yawen"]
[Result "1-0"]
[WhiteElo "1348"]
[BlackElo "1614"]
[PlyCount "141"]
[EventDate "2023.07.19"]
[EventType "tourn"]
[EventRounds "5"]
[EventCountry "CAN"]

1. d4 e6 2. Bf4 d5 3. e3 Nf6 4. Nd2 c5 5. c3 Nc6 6. Ngf3 Be7 7. Bd3 O-O 8. Qe2
b6 9. Ne5 Bb7 10. h4 Nxe5 11. dxe5 Ne4 12. O-O-O Qc7 13. Qh5 g6 14. Qe2 a5 15.
Nxe4 dxe4 16. Bb5 Bc6 17. a4 Rfd8 18. Bg3 Bd5 19. Kc2 Bc6 20. Rhe1 Rd7 21. Rxd7
Qxd7 22. Rd1 Qc7 23. Bxc6 Qxc6 24. b3 Rc8 25. c4 Qc7 26. Rd2 Rd8 27. Qd1 Rxd2+
28. Qxd2 Qd8 29. Qxd8+ Bxd8 30. Kd2 Kg7 31. Ke2 f6 32. exf6+ Kxf6 33. f3 Kf5
34. Bd6 e5 35. g4+ Ke6 36. Bb8 exf3+ 37. Kxf3 h5 38. gxh5 gxh5 39. Ke4 Bxh4 40.
Bxe5 Bd8 41. Bf4 h4 42. Bh2 h3 43. Kf3 Kf5 44. e4+ Kf6 45. Kg4 Ke6 46. Kxh3 Kf6
47. Kg4 Ke6 48. Kf3 Kf6 49. Bg3 Ke6 50. Kg4 Kf7 51. Kf5 Ke8 52. Ke6 Bg5 53. Bc7
Bd2 54. Bxb6 Bb4 55. Kd5 Kd7 56. Bxc5 Bc3 57. Bb6 Ke7 58. e5 Kd7 59. e6+ Ke7
60. Bc5+ Ke8 61. Kd6 Bd2 62. Bb6 Bf4+ 63. Kd5 Bd2 64. c5 Bb4 65. c6 Be7 66. c7
Bb4 67. c8=Q+ Ke7 68. Bc5+ Bxc5 69. Qxc5+ Ke8 70. Qc7 Kf8 71. Qf7# 1-0

[Event "CYCC U18 w"]
[Site "Calgary CAN"]
[Date "2023.07.20"]
[Round "4.41"]
[White "Gilani, Mysha"]
[Black "Guo, Hazel"]
[Result "0-1"]
[WhiteElo "1711"]
[BlackElo "1804"]
[PlyCount "90"]
[EventDate "2023.07.19"]
[EventType "tourn"]
[EventRounds "5"]
[EventCountry "CAN"]

1. d4 e6 2. c4 f5 3. Nc3 Nf6 4. e3 Bb4 5. Bd2 b6 6. Bd3 Bb7 7. f3 Nh5 8. Qe2
Bd6 9. Kd1 Nc6 10. d5 Nb4 11. e4 Nxd3 12. Qxd3 f4 13. Nge2 Qe7 14. Nb5 a6 15.
Nxd6+ Qxd6 16. Qb3 e5 17. g4 Nf6 18. h4 Qe7 19. Re1 d6 20. Qc3 Rd8 21. Nxf4
exf4 22. e5 Nxd5 23. cxd5 O-O 24. Qd4 dxe5 25. Rxe5 Qxh4 26. Kc2 Qf6 27. Bc3
Rd6 28. Qc4 Qg6+ 29. Kb3 Qf7 30. Rd1 Rfd8 31. Ka3 Bxd5 32. Qb4 c5 33. Qa4 b5
34. Qc2 b4+ 35. Bxb4 cxb4+ 36. Kxb4 Rb6+ 37. Ka5 Rb5+ 38. Ka4 Qd7 39. Qf5 Ra5+
40. Kb4 Qa4+ 41. Kc3 Qc4+ 42. Kd2 Be4+ 43. Ke1 Rxd1+ 44. Kxd1 Bxf5 45. Rxa5
Bc2+ 0-1

[Event "CYCC U18 w"]
[Site "Calgary CAN"]
[Date "2023.07.20"]
[Round "4.42"]
[White "Wu, Ingrid"]
[Black "Tsukerman, Julia"]
[Result "0-1"]
[WhiteElo "1472"]
[BlackElo "1988"]
[PlyCount "82"]
[EventDate "2023.07.19"]
[EventType "tourn"]
[EventRounds "5"]
[EventCountry "CAN"]

1. e4 c5 2. Nf3 d6 3. d4 cxd4 4. Nxd4 Nf6 5. Nc3 a6 6. Be3 e5 7. Nb3 Be6 8. f3
Be7 9. Qd2 Nbd7 10. Be2 b5 11. Rd1 Qc7 12. O-O O-O 13. a3 Rac8 14. Rc1 Nb6 15.
Na5 Rfd8 16. Bd3 Rb8 17. Rfd1 Rdc8 18. Qe1 Nc4 19. Nxc4 bxc4 20. Be2 Rxb2 21.
Rd2 Qa5 22. Nb1 d5 23. exd5 Nxd5 24. Bf2 Bg5 25. Rxd5 Qxe1+ 26. Rxe1 Bxd5 27.
Nc3 Be6 28. Ne4 Be7 29. c3 Rb3 30. a4 f5 31. Nd2 Rxc3 32. Nb1 Rb3 33. Nd2 Rb2
34. Nf1 Bb4 35. Bxc4 Bxc4 36. Rc1 Be6 37. Rd1 Rcc2 38. Bg3 Bc5+ 39. Kh1 Rxg2
40. Nd2 Rbxd2 41. Rxd2 Rg1# 0-1

[Event "CYCC U18 w"]
[Site "Calgary CAN"]
[Date "2023.07.21"]
[Round "5.40"]
[White "Tsukerman, Julia"]
[Black "Gavrileva, Anna"]
[Result "1-0"]
[WhiteElo "1988"]
[BlackElo "1348"]
[PlyCount "87"]
[EventDate "2023.07.19"]
[EventType "tourn"]
[EventRounds "5"]
[EventCountry "CAN"]

1. e4 e6 2. d4 d5 3. Nd2 c5 4. exd5 Qxd5 5. Ngf3 Nf6 6. Bc4 Qd8 7. O-O Nc6 8.
Nb3 cxd4 9. Nbxd4 Nxd4 10. Qxd4 Qxd4 11. Nxd4 a6 12. a4 Bc5 13. Nb3 Ba7 14. Bf4
O-O 15. Rae1 Bd7 16. a5 Rac8 17. Bd3 Nd5 18. Bd2 Rfd8 19. Re4 h6 20. Rd1 Nf6
21. Rb4 Bc6 22. Kf1 e5 23. f3 Rc7 24. Ke2 Re7 25. Be4 Nxe4 26. fxe4 Red7 27. g3
Rd6 28. Rf1 Bd4 29. c3 Bb5+ 30. Rxb5 axb5 31. cxd4 exd4 32. Kd3 Rc6 33. Rf5 g6
34. Rxb5 h5 35. Rxb7 Rf6 36. Bg5 Rf3+ 37. Ke2 Rxb3 38. Rxb3 Rd7 39. Kd3 Kg7 40.
Ra3 f6 41. Bd2 Kf7 42. a6 Ra7 43. b4 Ke6 44. b5 1-0

[Event "CYCC U18 w"]
[Site "Calgary CAN"]
[Date "2023.07.21"]
[Round "5.41"]
[White "Guo, Hazel"]
[Black "Wu, Ingrid"]
[Result "1-0"]
[WhiteElo "1804"]
[BlackElo "1472"]
[PlyCount "89"]
[EventDate "2023.07.19"]
[EventType "tourn"]
[EventRounds "5"]
[EventCountry "CAN"]

1. e4 c5 2. Nf3 d6 3. d4 cxd4 4. Qxd4 Nc6 5. Bb5 Bd7 6. Bxc6 Bxc6 7. Nc3 Nf6 8.
Bg5 e5 9. Qd3 Rc8 10. Nd2 a6 11. O-O-O b5 12. Rhe1 Be7 13. f3 Qc7 14. Kb1 b4
15. Nd5 Nxd5 16. exd5 Bb5 17. Qe3 Qxc2+ 18. Ka1 Bxg5 19. Qxg5 Qg6 20. Qh4 a5
21. f4 f6 22. Ne4 Rd8 23. fxe5 fxe5 24. Ng5 Rd7 25. Ne6 Kf7 26. Re3 Qh6 27.
Rf3+ Ke8 28. Qf2 g6 29. Rh3 Qxh3 30. gxh3 Rb7 31. Qf6 Rg8 32. Rc1 Rb8 33. Nc7+
Kd7 34. Qe6+ Kd8 35. Qxg8+ Ke7 36. Qxb8 Bd7 37. Rf1 Bf5 38. Qe8+ Kf6 39. h4 Kg7
40. Ne6+ Kh6 41. Qf8+ Kh5 42. Rxf5+ gxf5 43. Qxf5+ Kxh4 44. Qg5+ Kh3 45. Qg3#
1-0

[Event "CYCC U18 w"]
[Site "Calgary CAN"]
[Date "2023.07.21"]
[Round "5.42"]
[White "Zheng, Yawen"]
[Black "Gilani, Mysha"]
[Result "0-1"]
[WhiteElo "1614"]
[BlackElo "1711"]
[PlyCount "78"]
[EventDate "2023.07.19"]
[EventType "tourn"]
[EventRounds "5"]
[EventCountry "CAN"]

1. c4 e5 2. g3 c6 3. Bg2 d5 4. cxd5 cxd5 5. d3 Nc6 6. Nf3 h6 7. O-O Nf6 8. b3
Bd6 9. Bb2 O-O 10. Nc3 a6 11. Nd2 Bc7 12. h3 Re8 13. Rc1 Qd6 14. a3 b5 15. e4
d4 16. Ne2 g5 17. b4 a5 18. Qc2 Bd7 19. bxa5 Bxa5 20. Nb3 Rac8 21. Qd1 Bb6 22.
f4 gxf4 23. gxf4 Kh7 24. f5 Rg8 25. Rf2 Rg7 26. Rc2 Rcg8 27. Bc1 Qf8 28. Qd2
Rg5 29. Qe1 Rh5 30. Rf3 Nxe4 31. Kh2 Ng5 32. Rg3 Ne7 33. Ng1 Nxf5 34. Bf3 Nxg3
35. Bxh5 Nxh5 36. Qxe5 Qg7 37. Qd5 Nxh3 38. Qxd7 Qg3+ 39. Kh1 Qxg1# 0-1